| 000 | 00412nam a2200169Ia 4500 | ||
|---|---|---|---|
| 008 | 230524s9999 xx 000 0 und d | ||
| 020 | _a9780070445338 | ||
| 082 |
_a621.384 _bSKO |
||
| 100 | _aMerrill I Skolnik | ||
| 245 | 0 | _aIntroduction to Radar System | |
| 250 | _a3RD | ||
| 260 |
_aNEW DELHI _bTMH _c2004 |
||
| 300 | _aXI;1060 | ||
| 500 | _aQuantity Number: 155 | ||
| 650 | _aElectronics | ||
| 942 | _cBK | ||
| 999 |
_c14807 _d14807 |
||